Zikr aik Umrah ka / (Record no. 332319)

000 -LEADER
fixed length control field 01263 a2200229 4500
001 - CONTROL NUMBER
control field 14571
003 - CONTROL NUMBER IDENTIFIER
control field NUST
005 - DATE AND TIME OF LATEST TRANSACTION
control field 20171123121536.0
008 - FIXED-LENGTH DATA ELEMENTS--GENERAL INFORMATION
fixed length control field 171123b xxu||||| |||| 00| 0 eng d
040 ## - CATALOGING SOURCE
Transcribing agency NUST
082 ## - DEWEY DECIMAL CLASSIFICATION NUMBER
Classification number 297.55
Author Mark SID
100 ## - MAIN ENTRY--PERSONAL NAME
Personal name Siddique, Rizwan
9 (RLIN) 6752
245 ## - TITLE STATEMENT
Title Zikr aik Umrah ka /
Statement of responsibility, etc. by Rizwan Siddique
260 ## - PUBLICATION, DISTRIBUTION, ETC.
Place of publication, distribution, etc. Karachi,
Name of publisher, distributor, etc. Jahan hamd publications,
Date of publication, distribution, etc. 2009
300 ## - PHYSICAL DESCRIPTION
Extent 256 p.
650 ## - SUBJECT ADDED ENTRY--TOPICAL TERM
Topical term or geographic name entry element Worships- Hajj- Umrah
9 (RLIN) 6753
880 ## - ALTERNATE GRAPHIC REPRESENTATION
Linkage 100-01\(3\r
Title رضوان صدیقی
880 ## - ALTERNATE GRAPHIC REPRESENTATION
Linkage 245-02\(3\r
Title ذکر ایک عمرہ کا
c رضوان صدیقی
880 ## - ALTERNATE GRAPHIC REPRESENTATION
Linkage 260-03\(3\r
Title کراچی:
b جہان حمد پبلی کیشنز،
c 2009
942 ## - ADDED ENTRY ELEMENTS (KOHA)
Institution code [OBSOLETE] NUST-CAE
Koha item type Book
-- Book
Source of classification or shelving scheme
Holdings
Withdrawn status Lost status Source of classification or shelving scheme Damaged status Not for loan Permanent Location Current Location Shelving location Date acquired Total Checkouts Full call number Barcode Date last seen Copy number Price effective from Koha item type
          Central Library (CL) Central Library (CL) First Floor - Islam 11/23/2017   297.55 SID CL1837 11/23/2017 1 11/23/2017 Book
© 2023 Central Library, National University of Sciences and Technology. All Rights Reserved.